000
00284nam a22001337a 4500
008
171127b xxu||||| |||| 00| 0 eng d
020
_a
9781420082111
041
_a
eng
080
_a
62
100
_a
27
101
_a
ENG
245
_a
MECHATRONICS
_c
CLARNCE.W.D.S
942
_2
udc
_c
BK
999
_c
38552
_d
38552